000 00463nam a2200169 i 4500
001 49961
003 ES-MaACL
005 20230906162107.0
007 t|
008 030728s1985 sp |||| | spa d
020 _a84-85622-98-7
100 1 _aCrespo, Ricardo.
_941532
245 1 0 _aEntre moros y cristianos /
_cRicardo Crespo.
260 _a[S.l.] :
_bAndalucĂ­a,
_c[1985] (
_eGranada :
_fImp. Anel)
300 _a159 p. ;
_c19 cm.
852 _aES-MaACL
_jL-9907
999 _c49961
_d49961